[Event "BCF-chT4S 1718 (4NCL)"]
[Site "England"]
[Date "2018.01.13"]
[Round "3.31"]
[White "Isaakidis, Alexandros"]
[Black "Farr, Peter G"]
[Result "1-0"]
[WhiteElo "2057"]
[BlackElo "1895"]
[PlyCount "85"]
[EventDate "2017.11.11"]
[EventType "team-swiss"]
[EventRounds "11"]
[EventCountry "ENG"]
[SourceTitle "EXT 2020"]
[Source "ChessBase"]
[SourceDate "2019.10.17"]
[SourceVersion "1"]
[SourceVersionDate "2019.10.17"]
[SourceQuality "1"]
[WhiteTeam "Wessex II"]
[BlackTeam "KJCA Young Kestrels"]
[WhiteTeamCountry "ENG"]
[BlackTeamCountry "ENG"]

1. e4 e6 2. d4 d5 3. Nd2 Nf6 4. e5 Nfd7 5. f4 c5 6. Ngf3 Nc6 7. Nb3 cxd4 8. Nbxd4 Qb6 9. Be2 Be7 10. 0-0 g5 11. fxg5 Ndxe5 12. Nxe5 Nxe5 13. Bb5+ Bd7 14. Bxd7+ Nxd7 15. Kh1 Ne5 16. Bf4 Ng6 17. Be3 Qd6 18. Qf3 Rf8 19. Qe2 a6 20. c4 dxc4 21. Qxc4 Ne5 22. Qe2 Qd5 23. Rac1 Qe4 24. Nb5 axb5 25. Qxb5+ Nc6 26. Qxb7 Rb8 27. Qxc6+ Qxc6 28. Rxc6 Kd7 29. Rfc1 Bd6 30. Rxd6+ Kxd6 31. Bc5+ Kd5 32. Bxf8 Rxf8 33. Kg1 Ke4 34. b4 Ra8 35. Rc2 Kd3 36. Rf2 e5 37. b5 e4 38. Rb2 Kc3 39. Rb3+ Kc4 40. b6 e3 41. b7 e2 42. Kf2 Re8 43. Ke1 1-0

[Event "BCF-chT4S 1617 (4NCL)"]
[Site "England"]
[Date "2017.05.01"]
[Round "11.71"]
[White "Goodger, Martyn"]
[Black "Farr, Peter G"]
[Result "0-1"]
[WhiteElo "2014"]
[BlackElo "2117"]
[PlyCount "70"]
[EventDate "2016.11.26"]
[EventType "team-swiss"]
[EventRounds "11"]
[EventCountry "ENG"]
[SourceTitle "EXT 2019"]
[Source "ChessBase"]
[SourceDate "2018.10.10"]
[SourceVersion "1"]
[SourceVersionDate "2018.10.10"]
[SourceQuality "1"]
[WhiteTeam "Poisoned Pawns II"]
[BlackTeam "Kent KJCA Kestrels"]
[WhiteTeamCountry "ENG"]
[BlackTeamCountry "ENG"]

1. e4 e6 2. Nf3 d5 3. Nc3 d4 4. Ne2 c5 5. c3 Nc6 6. cxd4 Nf6 7. e5 Nd7 8. dxc5 Ndxe5 9. Nxe5 Nxe5 10. d4 Bxc5 11. Be3 Bb4+ 12. Nc3 Nc6 13. Bc4 0-0 14. 0-0 Bd7 15. Qf3 Rc8 16. Bd3 Qa5 17. Ne4 f5 18. Ng5 h6 19. Nh3 e5 20. Bc4+ Kh7 21. Ng5+ Kh8 22. Nf7+ Rxf7 23. Bxf7 f4 24. Bc1 Nxd4 25. Qxb7 Bf5 26. a3 Bd6 27. b4 Qd8 28. Bb2 Ne2+ 29. Kh1 Rc7 30. Qd5 Rd7 31. Be6 Bxe6 32. Qxe6 f3 33. gxf3 Bb8 34. Rae1 Nf4 35. Bxe5 Nxe6 0-1